| 000 | 00433nam a2200181Ia 4500 | ||
|---|---|---|---|
| 005 | 20250603145435.0 | ||
| 008 | 250603s9999 xx 000 0 und d | ||
| 020 | _a9780020829 | ||
| 050 | _aUA 855 .N54/ | ||
| 100 | _aEze, Osita C. | ||
| 245 | 0 | _aNigeria's security interest in Africa | |
| 260 | _aLagos, Nigeria | ||
| 260 | _bPrintserve Ltd | ||
| 260 | _c2010 | ||
| 300 | _a263 p | ||
| 650 | _aLagos, Nigeria | ||
| 942 | _cBK | ||
| 999 |
_c41867 _d41867 |
||